<?xml version="1.0" encoding="UTF-8"?><marc:collection xmlns:marc="http://www.loc.gov/MARC21/slim">
  <marc:record>
    <marc:leader>00000nam##2200000za#4500</marc:leader>
    <marc:controlfield tag="001">9.695406</marc:controlfield>
    <marc:controlfield tag="003">CaOODSP</marc:controlfield>
    <marc:controlfield tag="005">20210624234548</marc:controlfield>
    <marc:controlfield tag="007">cr |||||||||||</marc:controlfield>
    <marc:controlfield tag="008">150407|1993||||xxc|||||o    f|0| 0 eng|d</marc:controlfield>
    <marc:datafield tag="040" ind1=" " ind2=" ">
      <marc:subfield code="a">CaOODSP</marc:subfield>
      <marc:subfield code="b">eng</marc:subfield>
    </marc:datafield>
    <marc:datafield tag="043" ind1=" " ind2=" ">
      <marc:subfield code="a">n-cn---</marc:subfield>
    </marc:datafield>
    <marc:datafield tag="086" ind1="1" ind2=" ">
      <marc:subfield code="a">H46-3/2-1993E-PDF</marc:subfield>
    </marc:datafield>
    <marc:datafield tag="110" ind1="1" ind2=" ">
      <marc:subfield code="a">Canada.</marc:subfield>
      <marc:subfield code="b">Health and Welfare Canada. </marc:subfield>
      <marc:subfield code="b">Environmental Health Directorate.</marc:subfield>
    </marc:datafield>
    <marc:datafield tag="245" ind1="1" ind2="0">
      <marc:subfield code="a">Requirements for the safe use of baggage x-ray inspection systems : </marc:subfield>
      <marc:subfield code="h">[electronic resource]</marc:subfield>
      <marc:subfield code="b">safety code 29 / </marc:subfield>
      <marc:subfield code="c">[by H.P. Maharaj]. </marc:subfield>
    </marc:datafield>
    <marc:datafield tag="260" ind1=" " ind2=" ">
      <marc:subfield code="b">Health and Welfare Canada. </marc:subfield>
      <marc:subfield code="c">c1993.</marc:subfield>
    </marc:datafield>
    <marc:datafield tag="300" ind1=" " ind2=" ">
      <marc:subfield code="a">22p.</marc:subfield>
      <marc:subfield code="b">references</marc:subfield>
    </marc:datafield>
    <marc:datafield tag="500" ind1=" " ind2=" ">
      <marc:subfield code="a">"...provides requirements and guidance necessary to ensure that the radiation risks associated with baggage x-ray systems remain negligibly low...is prepared under authority of Treasury Board Standards, is referenced in Canada Labour Code Part II, and is directed to personnel in facilities under federal jurisdiction."--Foreword. Safety Code 29 supersedes Safety Code 21, Recommended safety procedures for the selection, installation and use of baggage inspection x-ray equipment (78-EHD-20).</marc:subfield>
    </marc:datafield>
    <marc:datafield tag="500" ind1=" " ind2=" ">
      <marc:subfield code="a">"Safety code 29 supersedes Safety code 21. Recommended safety procedures for the selection, installation and use of baggage inspection x-ray equipment (78-EDH-20)"--p.2 of 22. The catalogue number (H46-3/2-1993E) and ISBN (0-660-15114-6) for the print edition have been incorrectly copied in this electronic publication.</marc:subfield>
    </marc:datafield>
    <marc:datafield tag="520" ind1="3" ind2=" ">
      <marc:subfield code="a">Outlines specific responsibilities for system owners, operators, maintenance and radiation safety personnel. Provides requirements and guidance necessary to ensure that the radiation risks associated with baggage x-ray systems remain negligibly low. Safety Code 29 supersedes "Safety Code 21, Recommended Safety Procedures for the Selection, Installation and Use of Baggage Inspection X-ray Equipment" and is in accordance with the 1990 International Commission on Radiological Protection (ICRP) objectives. (78-EHD-20)</marc:subfield>
    </marc:datafield>
    <marc:datafield tag="590" ind1=" " ind2=" ">
      <marc:subfield code="a">12-15-Supp</marc:subfield>
      <marc:subfield code="b">2012-04-13</marc:subfield>
    </marc:datafield>
    <marc:datafield tag="690" ind1="0" ind2="7">
      <marc:subfield code="a">Safety measures</marc:subfield>
      <marc:subfield code="2">gcpds</marc:subfield>
    </marc:datafield>
    <marc:datafield tag="690" ind1="0" ind2="7">
      <marc:subfield code="a">Radiation</marc:subfield>
      <marc:subfield code="2">gcpds</marc:subfield>
    </marc:datafield>
    <marc:datafield tag="690" ind1="0" ind2="7">
      <marc:subfield code="a">Airlines</marc:subfield>
      <marc:subfield code="2">gcpds</marc:subfield>
    </marc:datafield>
    <marc:datafield tag="720" ind1="1" ind2=" ">
      <marc:subfield code="a">Maharaj, H. P.</marc:subfield>
    </marc:datafield>
    <marc:datafield tag="775" ind1="0" ind2="8">
      <marc:subfield code="t">Dispositifs à rayons X pour l'inspection des bagages - précautions à prendre : </marc:subfield>
      <marc:subfield code="w">(CaOODSP)9.639545</marc:subfield>
    </marc:datafield>
    <marc:datafield tag="776" ind1="0" ind2="#">
      <marc:subfield code="t">Requirements for the safe use of baggage X-ray inspection systems: Safety Code 29 </marc:subfield>
      <marc:subfield code="w">(CaOODSP)9.645217</marc:subfield>
    </marc:datafield>
    <marc:datafield tag="856" ind1="4" ind2="0">
      <marc:subfield code="a">http://publications.gc.ca</marc:subfield>
      <marc:subfield code="q">PDF</marc:subfield>
      <marc:subfield code="s">76 KB</marc:subfield>
      <marc:subfield code="u">https://publications.gc.ca/collections/Collection/H46-3-2-1993E.pdf</marc:subfield>
    </marc:datafield>
  </marc:record>
</marc:collection>
